[Event "Women's Speed Chess Q3"]
[Site "chess.com INT"]
[Date "2021.05.30"]
[Round "16"]
[White "Jakubowska, Anna"]
[Black "Nguyen, Thi Thanh An"]
[Result "1-0"]
[WhiteTitle "WIM"]
[BlackTitle "WGM"]
[WhiteElo "2073"]
[BlackElo "2259"]
[WhiteFideId "1121952"]
[BlackFideId "12400300"]
[EventDate "2021.05.30"]

1. e4 c6 2. d4 d5 3. e5 c5 4. dxc5 Nc6 5. Nf3 Bg4 6. Bb5 e6 7. O-O Bxc5 8. a3
Ne7 9. b4 Bb6 10. Bb2 O-O 11. Nbd2 a6 12. Bd3 Bf5 13. Re1 Bc7 14. Nb3 Bb6 15.
Nbd4 Nxd4 16. Nxd4 Bxd3 17. cxd3 Rc8 18. Rc1 Rxc1 19. Qxc1 Ng6 20. Nf3 Qd7 21.
Qd2 Rc8 22. Rc1 h6 23. g3 Rxc1+ 24. Qxc1 Kh7 25. Kg2 Qa4 26. h4 Qc6 27. Qxc6
bxc6 28. h5 Ne7 29. Bd4 Bc7 30. Bc5 Nf5 31. d4 g6 32. hxg6+ Kxg6 33. Nd2 a5 34.
bxa5 Bxa5 35. Nb3 Bd8 36. a4 h5 37. a5 Bxa5 38. Nxa5 h4 39. Nxc6 hxg3 40. fxg3
Kg5 41. Kf3 f6 42. exf6 Kxf6 43. Ne5 Ng7 44. Ng4+ Kf5 45. Ne3+ Kg6 46. Bd6 Kf7
47. Be5 Ne8 48. g4 Kg6 49. Kf4 Kf7 50. g5 Kg6 51. Ng4 Kf7 52. Nh2 Kg6 53. Nf3
Kh5 54. Nd2 Kg6 55. Nb3 Kf7 56. Nc5 1-0

[Event "Women's Speed Chess Q3"]
[Site "chess.com INT"]
[Date "2021.05.30"]
[Round "16"]
[White "Pourkashiyan, Atousa"]
[Black "Sikorova, Olga"]
[Result "1-0"]
[WhiteTitle "WGM"]
[BlackTitle "WGM"]
[WhiteElo "2322"]
[BlackElo "2215"]
[WhiteFideId "12502014"]
[BlackFideId "307033"]
[EventDate "2021.05.30"]

1. e4 e6 2. d4 d5 3. Nd2 c5 4. exd5 Qxd5 5. Ngf3 cxd4 6. Bc4 Qd6 7. O-O Nf6 8.
Nb3 Nc6 9. Nbxd4 Nxd4 10. Nxd4 a6 11. c3 Qc7 12. Qe2 Bd7 13. Re1 Bd6 14. Bg5
Bxh2+ 15. Kf1 O-O 16. Bxf6 gxf6 17. Bd3 f5 18. Qh5 Qf4 19. Nf3 Bg3 20. fxg3 Qxg3
21. Kg1 Rad8 22. Ng5 Kg7 23. Qxh7+ Kf6 24. Nf3 Rh8 25. Bxf5 Rxh7 26. Bxh7 Rh8
27. Bc2 Bc6 28. Rf1 Ke7 29. Rae1 Rh2 30. Re2 Rh6 31. Be4 Bxe4 32. Rxe4 Qc7 33.
Nd4 Qb6 34. Rf2 Kd7 35. Rfe2 Rh5 36. Rd2 Ke8 37. g3 Kf8 38. Kg2 Qa5 39. Nf3 Qxa2
40. Red4 Qa5 41. Rd8+ Kg7 42. R8d4 Qb6 43. Rg4+ Kf8 44. Re2 Ke7 45. Ne5 Rxe5 46.
Rxe5 Qxb2+ 47. Kh3 Qxc3 48. Ree4 Qh8+ 49. Kg2 a5 50. Ra4 b6 51. Ra2 Qa8+ 52. Kh2
Qd5 53. Rf2 Qh5+ 54. Rh4 Qg4 55. Rxg4 1-0

[Event "Women's Speed Chess Q3"]
[Site "chess.com INT"]
[Date "2021.05.30"]
[Round "16"]
[White "Chu, Ruotong"]
[Black "Starosta, Martyna"]
[Result "0-1"]
[WhiteTitle "WIM"]
[BlackTitle "WCM"]
[WhiteElo "2207"]
[BlackElo "1910"]
[WhiteFideId "8605653"]
[BlackFideId "21818754"]
[EventDate "2021.05.30"]

1. d4 Nf6 2. c4 e6 3. g3 c5 4. d5 b5 5. dxe6 fxe6 6. Bg2 d5 7. cxb5 Bd6 8. Nc3
Bb7 9. Nf3 O-O 10. O-O Nbd7 11. Bg5 Qe8 12. a4 Kh8 13. Rc1 a6 14. bxa6 Bxa6 15.
Nd2 Rb8 16. Qc2 Qh5 17. Bxf6 Nxf6 18. Bf3 Qf7 19. Rfe1 e5 20. Nb5 Bxb5 21. axb5
e4 22. Bg2 Rxb5 23. f3 e3 24. Nf1 d4 25. f4 Rfb8 26. Rb1 Ng4 27. h3 Nf2 28. Kh2
c4 29. Be4 Nxe4 30. Qxe4 Qd5 31. Qxd5 Rxd5 32. Red1 Rbb5 33. Rbc1 Rbc5 34. Kg2
h6 35. Kf3 Bc7 36. Ke4 Kg8 37. Rxd4 Rxd4+ 38. Kxd4 Bb6 39. Rxc4 Rb5+ 40. Kc3 Rh5
41. h4 g5 42. hxg5 hxg5 43. fxg5 Rxg5 44. g4 Bd8 45. Ng3 Kf8 46. Nf5 Ke8 47.
Nxe3 Re5 48. Re4 Rxe4 49. Kd3 Rb4 50. Kc3 Rf4 51. Kd3 Bb6 0-1

[Event "Women's Speed Chess Q3"]
[Site "chess.com INT"]
[Date "2021.05.30"]
[Round "16"]
[White "Luong, Phuong Hanh"]
[Black "Pham, Le Thao Nguyen"]
[Result "0-1"]
[WhiteTitle "WIM"]
[BlackTitle "IM"]
[WhiteElo "2229"]
[BlackElo "2369"]
[WhiteFideId "12401013"]
[BlackFideId "12401226"]
[EventDate "2021.05.30"]

1. d4 d5 2. c4 c6 3. Nf3 Nf6 4. Qc2 g6 5. Bf4 Bf5 6. Qb3 Qb6 7. e3 Nbd7 8. Nc3
Qxb3 9. axb3 Bg7 10. Be2 O-O 11. O-O Rfe8 12. h3 Be4 13. Nd2 Bf5 14. Bh2 a6 15.
g4 Be6 16. c5 Nf8 17. b4 Rad8 18. Nb3 Bc8 19. Na4 N6d7 20. Bc7 e5 21. Bxd8 Rxd8
22. Nc3 Ne6 23. Rfd1 Re8 24. Bf3 exd4 25. Nxd4 Ne5 26. Bg2 Nc4 27. b3 Ne5 28.
Na4 Nd7 29. Rac1 h6 30. Nc3 Nf6 31. Nce2 Nc7 32. Nf4 Ne4 33. Nfe2 Nf6 34. Bf3
Ne4 35. Kg2 Ng5 36. Ng3 Nxf3 37. Nxf3 Ne6 38. Nd4 Ng5 39. h4 Ne4 40. Nde2 Bxg4
41. f3 Nxg3 42. Kxg3 Bc8 43. Rd3 Be5+ 44. f4 Bf6 45. Nd4 Re4 46. Rcd1 Kg7 47.
Kf3 Bxh4 48. Rh1 Bf6 49. Ne2 h5 50. Ng3 Bg4+ 51. Kf2 Re8 52. Ne2 Bf5 53. Nd4
Bxd3 0-1

[Event "Women's Speed Chess Q3"]
[Site "chess.com INT"]
[Date "2021.05.30"]
[Round "16"]
[White "Nguyen, Thi Mai Hung"]
[Black "Szente Varga, Fruzsina"]
[Result "0-1"]
[WhiteTitle "WGM"]
[BlackTitle "WFM"]
[WhiteElo "2254"]
[BlackElo "2100"]
[WhiteFideId "12401676"]
[BlackFideId "712264"]
[EventDate "2021.05.30"]

1. d4 Nf6 2. Nf3 g6 3. g3 Bg7 4. Bg2 d5 5. O-O O-O 6. c4 c6 7. Qc2 Bf5 8. Qb3
Qc7 9. Nc3 dxc4 10. Qxc4 Nbd7 11. Bf4 Qc8 12. Rac1 Nb6 13. Qb3 Be6 14. Qc2 Nfd5
15. Bg5 Qd8 16. Rfd1 h6 17. Nxd5 Bxd5 18. Bf4 f5 19. Be5 Nd7 20. Bxg7 Kxg7 21.
Ne5 Bxg2 22. Kxg2 Nf6 23. b4 Qd5+ 24. f3 a5 25. a3 axb4 26. axb4 Ra2 27. Qd3
Rfa8 28. Rd2 R8a3 29. Rc3 Rxc3 30. Qxc3 Rxd2 31. Qxd2 Nd7 32. Nxd7 Qxd7 33. Qc3
Qd5 34. Kf2 Kf6 35. h4 e5 36. dxe5+ Qxe5 37. Qd3 Qd5 38. Qc3+ Qe5 39. Qd3 Ke7
40. f4 Qe6 41. Qd4 h5 42. e3 Qd6 43. Qg7+ Kd8 44. Qg8+ Kc7 45. Qf7+ Kb6 46. Qc4
Qd2+ 47. Kf3 Qd5+ 48. Qxd5 cxd5 49. Ke2 Kb5 50. Kd3 Kxb4 51. Kd4 Ka4 52. Kxd5 b5
53. e4 fxe4 54. Kxe4 b4 55. f5 gxf5+ 56. Kxf5 b3 57. g4 hxg4 58. h5 b2 59. Kxg4
b1=Q 60. Kg5 Qh7 61. h6 Kb5 62. Kh5 Kc6 0-1

[Event "Women's Speed Chess Q3"]
[Site "chess.com INT"]
[Date "2021.05.30"]
[Round "16"]
[White "Agrest, Inna"]
[Black "Sviridova, Vlada"]
[Result "0-1"]
[WhiteTitle "WIM"]
[BlackTitle "WFM"]
[WhiteElo "2285"]
[BlackElo "2144"]
[WhiteFideId "1708830"]
[BlackFideId "24109606"]
[EventDate "2021.05.30"]

1. e4 e6 2. d4 d5 3. Nc3 Bb4 4. a3 Bxc3+ 5. bxc3 dxe4 6. Qg4 Nf6 7. Qxg7 Rg8 8.
Qh6 c5 9. Ne2 Bd7 10. Bg5 Rg6 11. Qh4 cxd4 12. cxd4 Qa5+ 13. Bd2 Qa4 14. c3 Nc6
15. h3 Ne7 16. Nf4 Nf5 17. Nxg6 Nxh4 18. Nxh4 Nd5 19. Be2 Qc2 20. Rc1 Qb2 21. c4
Nf6 22. Rd1 O-O-O 23. Bg5 Ba4 24. Bxf6 Bxd1 25. Bxd1 Qc3+ 26. Kf1 Qd3+ 27. Ke1
Rg8 28. Be5 f5 29. g3 e3 30. fxe3 Qxe3+ 31. Kf1 Qd3+ 32. Kg2 Qd2+ 33. Kf3 Qd3+
34. Kg2 Qe4+ 35. Kh2 f4 36. Bxf4 Qxd4 37. Re1 Qf2+ 38. Ng2 e5 39. Rxe5 Rf8 40.
Bg4+ Kd8 41. Bg5+ Kc7 42. Re7+ Kd6 43. Rxb7 Re8 44. Rd7+ Kc6 45. Rxh7 Re1 46.
Rh6+ Kc5 47. Be3+ Rxe3 48. Rh5+ Kd4 49. Rd5+ Kc3 50. Rf5 Qxg3+ 51. Kh1 Rd3 52.
Rf1 Rd2 53. Rc1+ Kb2 54. Rg1 a5 55. c5 Rc2 56. c6 Rxc6 57. Ne1 Qf4 58. Nf3 Rc2
59. a4 Ka3 60. Nh4 Qh2# 0-1

[Event "Women's Speed Chess Q3"]
[Site "chess.com INT"]
[Date "2021.05.30"]
[Round "16"]
[White "Mohota, Nisha"]
[Black "Novikova, Anna"]
[Result "0-1"]
[WhiteTitle "IM"]
[BlackTitle "WIM"]
[WhiteElo "2195"]
[BlackElo "2247"]
[WhiteFideId "5004330"]
[BlackFideId "4146794"]
[EventDate "2021.05.30"]

1. b3 e5 2. Bb2 Nc6 3. c4 Nf6 4. Nf3 d6 5. e3 Be6 6. d4 exd4 7. exd4 d5 8. c5
Be7 9. Be2 O-O 10. O-O Bg4 11. Nbd2 Re8 12. a3 a5 13. Bb5 Ne4 14. Be2 Bf6 15. h3
Bh5 16. g4 Bg6 17. Re1 h5 18. Nf1 hxg4 19. hxg4 Qd7 20. Ne3 Ng5 21. Nxg5 Bxg5
22. Bf3 Bf4 23. Kg2 Ne7 24. Rh1 c6 25. Qe2 Bxe3 26. fxe3 Be4 27. Bxe4 dxe4 28.
Raf1 Ng6 29. Rf5 f6 30. Qf2 Qe7 31. Rfh5 Kf7 32. Qf5 Qe6 33. Qxe6+ Rxe6 34. Rh7
Rae8 35. Kg3 Nf8 36. Rh8 Ng6 37. Rxe8 Rxe8 38. Rf1 Ke6 39. g5 f5 40. Rf2 Rf8 41.
Rh2 Kd5 42. Rh7 Rf7 43. Bc1 Ne7 44. Bd2 Nc8 45. g6 Re7 46. Rh8 Rc7 47. Rf8 Ne7
48. Rf7 Ke6 49. Rxg7 Rc8 50. Kf4 Kf6 51. Rf7+ Ke6 52. Rg7 Rf8 53. Be1 Kf6 54.
Rh7 Nxg6+ 0-1

[Event "Women's Speed Chess Q3"]
[Site "chess.com INT"]
[Date "2021.05.30"]
[Round "16"]
[White "Cyfka, Karina"]
[Black "Marjanovic, Annamaria"]
[Result "0-1"]
[WhiteTitle "IM"]
[BlackTitle "WGM"]
[WhiteElo "2415"]
[BlackElo "2338"]
[WhiteFideId "1122681"]
[BlackFideId "750930"]
[EventDate "2021.05.30"]

1. d4 Nf6 2. c4 g6 3. Nc3 Bg7 4. e4 d6 5. Nf3 O-O 6. Be2 e5 7. d5 a5 8. O-O Na6
9. Be3 Ng4 10. Bg5 f6 11. Bd2 Nh6 12. a3 f5 13. Ng5 f4 14. Ne6 Bxe6 15. dxe6 Nc5
16. Bg4 Nxg4 17. Qxg4 c6 18. b4 Nb3 19. Rad1 Nd4 20. Bc1 Qf6 21. c5 dxc5 22.
bxc5 Rad8 23. Na4 Qxe6 24. Qxe6+ Nxe6 25. Bb2 Rxd1 26. Rxd1 Rd8 27. Rxd8+ Nxd8
28. Bc3 Ne6 29. Bxa5 Bf8 30. Bb6 Nd4 31. Nc3 Kf7 32. a4 Ke6 33. f3 g5 34. a5 Be7
35. Kf2 Nb3 36. Na4 Nd2 37. Ke2 Nc4 38. Kd3 Ne3 39. g3 Nf1 40. gxf4 gxf4 41. h3
Ne3 42. Bc7 Nf1 43. Ke2 Ng3+ 44. Kf2 Nh5 45. Bb6 Nf6 46. Nc3 Nd7 47. Na4 Bh4+
48. Ke2 Bf6 49. Nc3 Bg7 50. Na2 Bf8 51. a6 bxa6 52. Nb4 Bxc5 53. Bxc5 Nxc5 54.
Nxc6 Kd6 55. Nb4 a5 56. Nd5 Ne6 57. Kd3 Nd4 58. Nf6 Nxf3 59. Nxh7 Nd4 60. Nf6 a4
61. Nd5 a3 62. Nc3 Ke6 63. h4 Kf6 64. Kc4 Kg6 65. Kd5 f3 66. Kxe5 f2 67. Kxd4
f1=Q 68. e5 Qf2+ 69. Kc4 a2 70. e6 a1=Q 71. e7 Qxc3+ 72. Kxc3 Qe3+ 73. Kc4 Qxe7 0-1

[Event "Women's Speed Chess Q3"]
[Site "chess.com INT"]
[Date "2021.05.30"]
[Round "16"]
[White "Cori T., Deysi"]
[Black "Kiolbasa, Oliwia"]
[Result "1-0"]
[WhiteTitle "WGM"]
[BlackTitle "WIM"]
[WhiteElo "2388"]
[BlackElo "2255"]
[WhiteFideId "3801934"]
[BlackFideId "1154613"]
[EventDate "2021.05.30"]

1. d4 Nf6 2. Nf3 b6 3. e3 Bb7 4. Bd3 e6 5. O-O c5 6. b3 d5 7. Bb2 Bd6 8. Nbd2
Nbd7 9. Qe2 O-O 10. Rfd1 a6 11. c4 Qe7 12. Rac1 Ne4 13. Bb1 f5 14. cxd5 exd5 15.
dxc5 bxc5 16. Nf1 Ndf6 17. Ng3 Nxg3 18. hxg3 Ne4 19. Nh4 a5 20. Qh5 g6 21. Nxg6
Qf7 22. Nf4 Rad8 23. Qxf7+ Kxf7 24. Bxe4 dxe4 25. Ba3 Be7 26. Kf1 Rxd1+ 27. Rxd1
Rc8 28. Ke1 Ke8 29. Ne6 c4 30. Bxe7 Kxe7 31. Nd4 cxb3 32. axb3 Kf6 33. Kd2 Bd5
34. Rc1 Rb8 35. Rc5 Bxb3 36. Rxf5+ Kg6 37. Rxa5 Bc4 38. Kc3 Bf1 39. Ne6 Rc8+ 40.
Kd4 Rc4+ 41. Ke5 Rc2 42. Nf4+ Kg7 43. Kxe4 Rxf2 44. Ra7+ Kf8 45. Rxh7 Bxg2+ 46.
Nxg2 Rxg2 47. Kf3 Rg1 48. g4 Rf1+ 49. Ke4 Rg1 50. Kf5 Kg8 51. Re7 Kf8 52. Ra7
Re1 53. e4 Rf1+ 54. Kg5 Re1 55. Kf5 Rf1+ 56. Ke5 Rg1 57. Kf4 Rf1+ 58. Kg5 Rg1
59. e5 Re1 60. Kf6 Rf1+ 61. Ke6 Rg1 62. Ra8+ Kg7 63. Ra4 Re1 64. Kd6 Rd1+ 65.
Ke7 Re1 66. e6 Kg6 67. Rf4 Re2 68. Rd4 Kg7 69. Kd7 Kf6 70. Rf4+ Kg5 71. Rf5+
Kxg4 72. Rd5 Kf4 73. e7 1-0

[Event "Women's Speed Chess Q3"]
[Site "chess.com INT"]
[Date "2021.05.30"]
[Round "16"]
[White "Koridze, Lile"]
[Black "Gevorgyan, Maria"]
[Result "1-0"]
[WhiteTitle "WFM"]
[BlackTitle "WGM"]
[WhiteElo "2016"]
[BlackElo "2219"]
[WhiteFideId "13612514"]
[BlackFideId "13300270"]
[EventDate "2021.05.30"]

1. d4 Nf6 2. c4 c5 3. d5 e6 4. Nc3 exd5 5. cxd5 d6 6. Nf3 g6 7. Nd2 Bg7 8. Nc4
O-O 9. Bg5 h6 10. Bh4 g5 11. Bg3 Ne8 12. a4 a6 13. e3 Qd7 14. Nb6 Qd8 15. Nxa8
Nd7 16. a5 Ne5 17. Nb6 Bg4 18. Be2 Bxe2 19. Qxe2 Ng6 20. O-O f5 21. f3 f4 22.
exf4 gxf4 23. Qe6+ Kh7 24. Bf2 Qg5 25. Kh1 Nf6 26. Qxd6 Nh5 27. g4 fxg3 28. Bxg3
Ngf4 29. Ne4 Nxg3+ 30. Nxg3 Qh4 31. Qxc5 Rf6 32. Qc2+ Rg6 33. Rg1 Bd4 34. Rg2
Nxg2 35. Qxg2 Be5 36. f4 Bxf4 37. Rf1 Bxg3 38. Rf7+ Kg8 39. Rf1 Qh5 40. Rg1 Kh7
41. d6 Bxd6 42. Qxg6+ Qxg6 43. Rxg6 Kxg6 44. Nc4 Bc5 45. Kg2 Kf5 46. Kf3 Ke6 47.
Ke4 h5 48. b3 h4 49. h3 Bb4 50. Kd4 Be1 51. Ke4 Bf2 52. Kf3 Bg1 53. Ke4 Ba7 54.
Ne5 Bb8 55. Nf3 Bg3 56. Nd4+ Kd6 57. Nf5+ Kc5 58. Nxg3 hxg3 59. Kf3 Kb4 60. h4
Kxb3 61. h5 Kb4 62. h6 Kxa5 63. h7 b5 64. h8=Q b4 65. Qa1+ Kb5 66. Kxg3 a5 67.
Kf2 a4 68. Ke2 a3 69. Kd3 Ka4 70. Kc4 b3 71. Qh8 Ka5 72. Qa8+ Kb6 73. Qxa3 Kc6
74. Qxb3 Kc7 75. Qb5 1-0

[Event "Women's Speed Chess Q3"]
[Site "chess.com INT"]
[Date "2021.05.30"]
[Round "16"]
[White "Zuriel, Marisa"]
[Black "Makhija, Aashna"]
[Result "1-0"]
[WhiteTitle "WIM"]
[BlackTitle "WIM"]
[WhiteElo "2203"]
[BlackElo "1969"]
[WhiteFideId "109142"]
[BlackFideId "25011944"]
[EventDate "2021.05.30"]

1. e4 e5 2. Nf3 Nc6 3. Bc4 Nf6 4. O-O Bc5 5. d4 Nxd4 6. Nxe5 O-O 7. Bg5 Ne6 8.
Bh4 Be7 9. Nc3 d6 10. Nf3 Nc5 11. Re1 a5 12. a4 Bg4 13. h3 Bh5 14. g4 Bg6 15.
Bd3 Ne6 16. Bg3 d5 17. e5 Ne8 18. Ne2 c6 19. Nf4 Nxf4 20. Bxf4 Nc7 21. Bg3 Ne6
22. Qd2 c5 23. c3 Qd7 24. Nh4 Bxd3 25. Qxd3 g6 26. Qd2 Rad8 27. Qh6 Bg5 28. Qxg5
Nxg5 29. Kg2 Ne4 30. f4 Nxg3 31. Kxg3 Qe7 32. Nf3 d4 33. c4 d3 34. Rad1 Rd7 35.
Rd2 Rfd8 36. h4 Qe6 37. h5 Qxc4 38. hxg6 fxg6 39. Ng5 h6 40. Ne4 Rd4 41. Nf6+
Kf7 42. Rf1 Qb3 43. Rff2 c4 44. g5 c3 45. bxc3 Qxc3 46. gxh6 Rxa4 47. Ng4 Ra3
48. f5 Qd4 49. e6+ Ke7 50. fxg6 Kxe6 51. g7 Qd6+ 52. Kh4 Ra4 53. Rf6+ Ke7 54.
Rxd6 Kxd6 55. Rxd3+ Ke7 56. Rxd8 Kxd8 57. g8=Q+ Kc7 58. Qf7+ Kb6 59. Qe6+ Kb5
60. Qd7+ Kb4 61. Qxb7+ Ka3 62. Qe7+ Ka2 63. h7 Ra3 64. Qxa3+ Kxa3 65. h8=Q a4
66. Qb8 Ka2 67. Qb4 a3 68. Ne3 Ka1 69. Qxa3+ Kb1 70. Qd3+ Ka1 71. Qd2 Kb1 72.
Nc4 Ka1 73. Qb2# 1-0

[Event "Women's Speed Chess Q3"]
[Site "chess.com INT"]
[Date "2021.05.30"]
[Round "16"]
[White "Nomin-Erdene, Davaademberel"]
[Black "Tarasova, Viktoriya"]
[Result "0-1"]
[WhiteTitle "IM"]
[BlackTitle "WIM"]
[WhiteElo "2382"]
[BlackElo "2226"]
[WhiteFideId "4900782"]
[BlackFideId "4175840"]
[EventDate "2021.05.30"]

1. f4 Nf6 2. Nf3 d5 3. g3 b6 4. Bg2 Bb7 5. O-O g6 6. d3 Bg7 7. Qe1 d4 8. c3 c5
9. Na3 O-O 10. Nc4 Qc7 11. cxd4 cxd4 12. Nxd4 Bxg2 13. Kxg2 Nbd7 14. Nf3 Nc5 15.
Be3 Qb7 16. Rc1 Nfd7 17. b4 Ne6 18. Kg1 Rac8 19. Qd2 Rc7 20. Bf2 Rfc8 21. e4 Nf6
22. a3 Nxe4 23. dxe4 Rxc4 24. Rxc4 Rxc4 25. f5 Nf8 26. fxg6 hxg6 27. Bd4 Bxd4+
28. Nxd4 Qxe4 29. Nf3 Rc2 30. Qd1 Ne6 31. Rf2 Rxf2 32. Kxf2 Qc4 33. Qd2 Kg7 34.
Qe3 Qc2+ 35. Kg1 Qd1+ 36. Kg2 Qc2+ 37. Kg1 Qc6 38. Ne5 Qd6 39. Nf3 a5 40. bxa5
bxa5 41. Kg2 Qd5 42. h4 a4 43. Kh3 Nc5 44. Ng5 Qf5+ 45. Kg2 Qc2+ 46. Kh3 Qf5+
47. Kg2 e6 48. Qd4+ f6 49. Nf3 Qd5 50. Qe3 Qa2+ 51. Kh3 Qd5 52. Nd4 Ne4 53. Nf3
e5 54. Qa7+ Qf7 55. Qe3 Nd6 56. Kg2 Nf5 57. Qf2 Qb7 58. g4 Nd4 59. Kg3 Nxf3 60.
Qxf3 Qxf3+ 61. Kxf3 Kf7 62. Ke4 Ke6 63. Ke3 f5 64. g5 f4+ 65. Ke4 Kd6 66. Kf3
Ke6 67. Ke4 Ke7 68. Kf3 Kf7 69. Kg4 Kg7 70. Kf3 Kf7 71. Ke4 Ke6 72. Kf3 Kf5 73.
Ke2 e4 74. Kf2 Kg4 75. h5 Kxh5 0-1

[Event "Women's Speed Chess Q3"]
[Site "chess.com INT"]
[Date "2021.05.30"]
[Round "16"]
[White "Morris-Suzuki, Sophie"]
[Black "Balabayeva, Xeniya"]
[Result "0-1"]
[WhiteTitle "WFM"]
[BlackTitle "WFM"]
[WhiteElo "2043"]
[BlackElo "2178"]
[WhiteFideId "30922615"]
[BlackFideId "13719688"]
[EventDate "2021.05.30"]

1. e4 c6 2. Nc3 d5 3. Nf3 g6 4. d4 dxe4 5. Nxe4 Bg7 6. Bc4 Nf6 7. Ng3 O-O 8. O-O
Bg4 9. Be3 Nbd7 10. h3 Bxf3 11. Qxf3 Nb6 12. Bb3 Qd7 13. c4 Rad8 14. Rad1 Qc8
15. Rfe1 Nbd7 16. Qe2 Rfe8 17. Bf4 Nb6 18. Be5 a5 19. a3 c5 20. d5 Nbd7 21. Bc3
e5 22. Bxa5 b6 23. Bc3 Kh8 24. Ba4 Ng8 25. Bc6 f5 26. Qd2 e4 27. Bxg7+ Kxg7 28.
Qg5 Kf7 29. Qh4 Ngf6 30. Qf4 Re7 31. d6 Ree8 32. Bb5 Re6 33. h4 Ne5 34. Rd5 Qb8
35. Rxe5 Qxd6 36. Rxf5 gxf5 37. Qxf5 Qe5 38. Qh3 Rd2 39. Nf5 Qf4 40. Rf1 Re5 41.
Ne3 Rxb2 42. Bc6 Rd2 43. Nd5 Qf5 44. Qg3 Nh5 45. Qe3 Rd3 46. Qe2 Nf4 47. Nxf4
Qxf4 48. Bd5+ Kg7 49. Re1 Rd4 50. Qe3 Qxe3 51. Rxe3 Rd3 52. Re2 Rxa3 53. Kh2 Rc3
54. Rd2 Rd3 55. Re2 Rd4 56. Bc6 Rxc4 57. Re3 Rd4 58. Rg3+ Kf6 59. Bb5 c4 60. Rc3
Rxb5 61. Rg3 Rb3 62. Rg4 c3 63. Rg8 c2 64. Rc8 Rb2 65. Rc6+ Ke5 66. Rc7 Rd5 67.
g3 Rc5 68. Re7+ Kd6 69. Rxe4 c1=Q 70. Rd4+ Ke5 71. Rf4 Qxf4 72. gxf4+ Kxf4 73.
h5 Rxf2+ 74. Kh3 Rc3+ 75. Kh4 Rh2# 0-1

[Event "Women's Speed Chess Q3"]
[Site "chess.com INT"]
[Date "2021.05.30"]
[Round "16"]
[White "Bodnaruk, Anastasia"]
[Black "Buksa, Nataliya"]
[Result "1-0"]
[WhiteTitle "IM"]
[BlackTitle "IM"]
[WhiteElo "2457"]
[BlackElo "2414"]
[WhiteFideId "4181751"]
[BlackFideId "14123622"]
[EventDate "2021.05.30"]

1. e4 c5 2. b3 Nc6 3. Bb2 a6 4. Nf3 d6 5. d4 cxd4 6. Nxd4 Nf6 7. Nc3 e5 8. Nde2
Be6 9. g3 Be7 10. Bg2 O-O 11. O-O Rc8 12. Nd5 b5 13. Qd2 Nb8 14. Rfd1 Nxd5 15.
exd5 Bf5 16. Rac1 Bg5 17. f4 exf4 18. Nxf4 Bf6 19. Bxf6 Qxf6 20. c3 Nd7 21. Rf1
Qh6 22. Qf2 Ne5 23. h3 Rc5 24. g4 Bg6 25. Qg3 Qg5 26. Rce1 Rfc8 27. Re3 h6 28.
Rfe1 Qf6 29. Rf1 Qg5 30. Rfe1 Kh7 31. Rf1 a5 32. Nxg6 fxg6 33. Be4 a4 34. Kg2
axb3 35. axb3 Ra8 36. Rf2 Ra3 37. b4 Rc4 38. Rf4 Ra2+ 39. Kg1 Rc8 40. h4 Qe7 41.
h5 Qg5 42. hxg6+ Nxg6 43. Rf5 Qd8 44. g5 Ra1+ 45. Kg2 Ra2+ 46. Kh3 Kh8 47. gxh6
Qg8 48. Rh5 Qh7 49. Qg4 gxh6 50. Qxg6 Qxg6 51. Bxg6 Kg7 52. Bf5 Rf8 53. Be6 Rf6
54. Rg3+ Kf8 55. Rh4 Ke7 56. Rhg4 Raf2 57. Rg7+ Kd8 58. Rg8+ Kc7 59. R3g7+ Kb6
60. Rb8+ Ka6 61. Ra8+ Kb6 62. Rc8 R2f3+ 63. Rg3 Rxg3+ 64. Kxg3 Rg6+ 65. Kh4 Kb7
66. Rd8 Kc7 67. Rd7+ Kb6 68. Rxd6+ Kc7 69. Rc6+ Kb8 70. Rc5 Rf6 71. Kh5 Rf3 72.
Rxb5+ Kc7 73. Rc5+ Kd6 74. Rc6+ Ke7 75. Bg4 Rf4 76. d6+ Kf6 77. d7+ Ke7 78. Re6+
Kxd7 79. Rf6+ Ke7 80. Rxf4 Ke8 81. Rf6 Ke7 82. Rxh6 1-0

[Event "Women's Speed Chess Q3"]
[Site "chess.com INT"]
[Date "2021.05.30"]
[Round "17"]
[White "Nandhidhaa, P V"]
[Black "Enkhtuul, Altan-Ulzii"]
[Result "0-1"]
[WhiteTitle "WGM"]
[BlackTitle "WGM"]
[WhiteElo "2365"]
[BlackElo "2228"]
[WhiteFideId "5050847"]
[BlackFideId "4901444"]
[EventDate "2021.05.30"]

1. e4 Nf6 2. Nc3 d5 3. e5 d4 4. exf6 dxc3 5. bxc3 exf6 6. Nf3 Bd6 7. g3 O-O 8.
Be2 Bh3 9. d4 Nd7 10. Be3 Nb6 11. c4 Bb4+ 12. Bd2 Qe7 13. Bxb4 Qxb4+ 14. Qd2 Qe7
15. O-O-O Qa3+ 16. Kb1 Na4 17. c3 Nxc3+ 18. Ka1 Nxe2 19. Qxe2 Qc3+ 20. Kb1 Bf5+ 0-1

[Event "Women's Speed Chess Q3"]
[Site "chess.com INT"]
[Date "2021.05.30"]
[Round "17"]
[White "Skuhala, Barbara"]
[Black "Ramirez, Maria Eugenia"]
[Result "0-1"]
[WhiteTitle "WFM"]
[BlackTitle "WFM"]
[WhiteElo "2077"]
[BlackElo "2057"]
[WhiteFideId "14605465"]
[BlackFideId "3301680"]
[EventDate "2021.05.30"]

1. e4 e5 2. Nf3 Nc6 3. d3 Nf6 4. c3 d5 5. exd5 Qxd5 6. Qe2 Bg4 7. h3 Bxf3 8.
gxf3 O-O-O 9. Nd2 Nh5 10. Ne4 Nf4 11. Bxf4 exf4 12. b3 f5 13. Ng5 h6 14. c4 Qd4
15. Ne6 Qxa1+ 16. Kd2 Qxa2+ 17. Kd1 Qxe2+ 18. Bxe2 Re8 19. Nxf4 g5 20. Ng6 Rg8
21. Nxf8 Rgxf8 22. h4 Nd4 23. Bf1 Nxf3 24. Bg2 Nxh4 0-1

[Event "Women's Speed Chess Q3"]
[Site "chess.com INT"]
[Date "2021.05.30"]
[Round "17"]
[White "Nurmanova, Alua"]
[Black "Luong, Phuong Hanh"]
[Result "1-0"]
[WhiteTitle "WFM"]
[BlackTitle "WIM"]
[WhiteElo "2008"]
[BlackElo "2229"]
[WhiteFideId "13729390"]
[BlackFideId "12401013"]
[EventDate "2021.05.30"]

1. e4 c5 2. Nf3 e6 3. d4 cxd4 4. Nxd4 a6 5. Nc3 Qc7 6. g3 Nf6 7. Bg2 Be7 8. O-O
O-O 9. Kh1 Nc6 10. f4 d6 11. Be3 b5 12. Nxc6 Qxc6 13. e5 d5 14. exf6 Bxf6 15.
Bd4 Be7 16. f5 b4 17. Ne2 exf5 18. Nf4 Be6 19. Qd2 Rac8 20. Rf2 Bg5 21. h4 Bxf4
22. Qxf4 Rfe8 23. Re1 h6 24. Rfe2 Red8 25. Qe5 1-0

[Event "Women's Speed Chess Q3"]
[Site "chess.com INT"]
[Date "2021.05.30"]
[Round "17"]
[White "Vine, Elzbieta"]
[Black "Kanyamarala, Trisha"]
[Result "0-1"]
[WhiteTitle "WFM"]
[BlackTitle "WIM"]
[WhiteElo "2138"]
[BlackElo "2180"]
[WhiteFideId "1119320"]
[BlackFideId "45004722"]
[EventDate "2021.05.30"]

1. e4 c5 2. Nc3 Nc6 3. f4 d6 4. Nf3 e6 5. Bc4 Nf6 6. O-O Be7 7. f5 d5 8. exd5
exd5 9. Bb5 O-O 10. Nh4 d4 11. Ne2 d3 12. cxd3 Nd4 13. Nxd4 Qxd4+ 14. Kh1 Qxh4
15. Rf3 Bd6 16. Rh3 Qd4 17. g4 Nxg4 18. Rh4 Nf2+ 19. Kg2 Nxd1 20. Rxd4 cxd4 0-1

[Event "Women's Speed Chess Q3"]
[Site "chess.com INT"]
[Date "2021.05.30"]
[Round "17"]
[White "Gaponenko, Inna"]
[Black "Cori T., Deysi"]
[Result "0-1"]
[WhiteTitle "IM"]
[BlackTitle "WGM"]
[WhiteElo "2357"]
[BlackElo "2388"]
[WhiteFideId "14101181"]
[BlackFideId "3801934"]
[EventDate "2021.05.30"]

1. e4 e6 2. d4 d5 3. exd5 exd5 4. Nf3 Nc6 5. Bb5 Bd6 6. c4 dxc4 7. d5 a6 8. Ba4
b5 9. dxc6 bxa4 10. O-O Ne7 11. Qxa4 Be6 12. Nbd2 Bd5 13. Re1 O-O 14. Ne4 Nxc6
15. Bg5 Qd7 16. Rad1 Bxe4 17. Rxe4 Ne5 18. Nxe5 Qxa4 0-1